| 000 | 00935 a2200193 4500 | ||
|---|---|---|---|
| 003 | NUST | ||
| 005 | 20251113134655.0 | ||
| 040 | _cNust | ||
| 082 | _a621.382,MUR | ||
| 100 |
_aMurtaza, NC Hammad TCC-14 _9131884 |
||
| 245 |
_aImplementation of frequency hopping spread spectrum using direct digital synthesis / _cNC - Hammad Murtaza, PC Majid Hameed Meer, PC Sajid Hameed and NC Rumman Niaz Khan. |
||
| 260 |
_aRawalpindi _bMCS (NUST) _c2006 |
||
| 300 | _a51 p.; | ||
| 505 | _rIntroduction (Page-1), Frequency Hopping Spread Spectrum (Page-4), Fundamentals of DDS technology (Pge-10), Frequency/Phase Hopping Capability of A DDS Device (Page-18), The Effect of DAC Resolution on Spurious Performance (Page-21), Data Encoding Methodologies and DDS Implementations (Page-34), Conclusion (Page-38). | ||
| 650 |
_aUG Projects _998716 |
||
| 651 | _aTCC-14 | ||
| 700 |
_aSupervised by Capt (R) Muzzaffar Ali _9131885 |
||
| 942 |
_2ddc _cPR |
||
| 999 |
_c183529 _d183529 |
||